000 00394nam a2200169Ia 4500
008 171216s9999 xx 000 0 und d
040 _bHIN
041 _aHINDI
082 _aHG KRI
100 _aDr.Krishna Dutta Paliwal
245 0 _aSarveshwar Aur Unaki Kavitha
260 _bLipi Prakashan
260 _c1992
300 _g152
590 _cRRRLF
650 _aNiroopanam- Upanyaasam
999 _c159492
_d159492